[Event "2. Bundesliga West 2016/17"]
[Site "Hohenems"]
[Date "2016.10.30"]
[Round "3"]
[Board "4"]
[White "Dorner, Guenther"]
[Black "Atlas, Dmitry"]
[Result "0-1"]
[WhiteElo "1917"]
[BlackElo "2218"]
[PlyCount "58"]
[EventDate "2016.10.28"]
[EventType "team"]
[EventRounds "11"]
[EventCountry "AUT"]
[WhiteTeam "Bregenz 2"]
[BlackTeam "Hohenems II"]

1. e4 e6 2. d4 d5 3. Nc3 Bb4 4. exd5 exd5 5. Bd3 Nc6 6. a3 Be7 7. Nge2 Bf6 8.
O-O Nge7 9. Bf4 Be6 10. Qd2 O-O 11. Rad1 Qd7 12. Bg5 Bxg5 13. Qxg5 h6 14. Qh5
Bg4 15. Qh4 Bf5 16. Ng3 Bxd3 17. Rxd3 Ng6 18. Qh3 Qxh3 19. gxh3 Nf4 20. Rd2
Nxh3+ 21. Kg2 Nf4+ 22. Kf3 Ne6 23. Nf5 g6 24. Nxh6+ Kg7 25. Ng4 Ncxd4+ 26. Kg3
Nf5+ 27. Kg2 c6 28. f4 Rh8 29. Ne5 Ne3+ 0-1

[Event "2. Bundesliga West 2016/17"]
[Site "Hohenems"]
[Date "2016.10.30"]
[Round "3"]
[Board "5"]
[White "Hofer, Emilian"]
[Black "Mauthner, Martin"]
[Result "1-0"]
[WhiteElo "2105"]
[BlackElo "1838"]
[PlyCount "79"]
[EventDate "2016.10.28"]
[EventType "team"]
[EventRounds "11"]
[EventCountry "AUT"]
[WhiteTeam "Hohenems II"]
[BlackTeam "Bregenz 2"]

1. e4 c5 2. Nf3 Nc6 3. d4 cxd4 4. Nxd4 Nf6 5. Nc3 d6 6. Bg5 a6 7. Qd2 Qb6 8.
Nb3 Be6 9. O-O-O Ng4 10. f3 Nge5 11. Nd5 Bxd5 12. exd5 Nb8 13. Be2 h6 14. Be3
Qc7 15. f4 Nc4 16. Qc3 b5 17. Bxc4 bxc4 18. Rd4 Nd7 19. Rxc4 Qb8 20. Na5 f6 21.
Nc6 Qb5 22. Nd4 Qxd5 23. Rc8+ Kf7 24. Rxa8 Qxa8 25. Qc4+ d5 26. Qc7 Qe8 27. f5
Ne5 28. Bf4 g5 29. Bxe5 fxe5 30. Qxe5 Bg7 31. Qxd5+ e6 32. Qxe6+ Qxe6 33. fxe6+
Ke8 34. Nf5 Be5 35. Re1 Bxh2 36. e7 Bf4+ 37. Kd1 Kf7 38. Nxh6+ Ke8 39. Ng4 Kf7
40. Nf6 1-0

[Event "2. Bundesliga West 2016/17"]
[Site "Hohenems"]
[Date "2016.10.30"]
[Round "3"]
[Board "6"]
[White "Kozissnik, Christian"]
[Black "Heinrici, Simon"]
[Result "0-1"]
[WhiteElo "1917"]
[BlackElo "2099"]
[PlyCount "102"]
[EventDate "2016.10.28"]
[EventType "team"]
[EventRounds "11"]
[EventCountry "AUT"]
[WhiteTeam "Bregenz 2"]
[BlackTeam "Hohenems II"]

1. Nf3 d5 2. e3 Nf6 3. c4 e6 4. cxd5 exd5 5. Nc3 c6 6. b3 Bg4 7. Bb2 Nbd7 8.
Be2 Bd6 9. d3 O-O 10. h3 Bh5 11. g4 Bg6 12. h4 h5 13. gxh5 Bxh5 14. Ng5 Bxe2
15. Qxe2 d4 16. Nce4 Bb4+ 17. Kf1 dxe3 18. Qxe3 Re8 19. Qf4 Qe7 20. Rg1 Nxe4
21. Nxe4 Ne5 22. Nf6+ Kh8 23. Qg5 Qxf6 24. Qh5+ Qh6 25. Qxh6+ gxh6 26. f4 Bd6
27. Re1 f6 28. fxe5 Bxe5 29. Bxe5 fxe5 30. Re4 Rad8 31. Ke2 Rd4 32. Ke3 Red8
33. Rd1 Rxe4+ 34. Kxe4 Rd4+ 35. Kxe5 Rxh4 36. Kd6 Rg4 37. Kc7 Rg7+ 38. Kb8 a6
39. Ka7 Rd7 40. Rg1 Kh7 41. b4 h5 42. a4 Kh6 43. a5 h4 44. Rg8 Rg7 45. Re8 Kh5
46. Re5+ Rg5 47. Re4 Rb5 48. Kb8 h3 49. Kc7 h2 50. Re8 Kh4 51. Re1 Rxb4 0-1

[Event "2. Bundesliga West 2016/17"]
[Site "Salzburg"]
[Date "2016.10.30"]
[Round "3"]
[Board "1"]
[White "Dovzik, Juri"]
[Black "Bromberger, Stefan"]
[Result "1/2-1/2"]
[WhiteElo "2284"]
[BlackElo "2535"]
[PlyCount "70"]
[EventDate "2016.10.28"]
[EventType "team"]
[EventRounds "11"]
[EventCountry "AUT"]
[WhiteTeam "Ranshofen"]
[BlackTeam "SIR Bernhard 1"]

1. e4 c5 2. Nf3 e6 3. c3 d5 4. exd5 exd5 5. d4 Nc6 6. Bb5 Bd6 7. dxc5 Bxc5 8.
O-O Nge7 9. Nbd2 O-O 10. Nb3 Bb6 11. Nbd4 Bg4 12. Be2 Nxd4 13. Nxd4 Bxe2 14.
Nxe2 Qd7 15. Nd4 Nf5 16. Nxf5 Qxf5 17. Be3 Bxe3 18. fxe3 Qg5 19. Qd4 Rfe8 20.
Rad1 Re5 21. Rf3 b6 22. Rdf1 f6 23. Rg3 Qh6 24. Rf4 Kh8 25. Qd3 Rh5 26. Rd4
Rxh2 27. Rxd5 Rh1+ 28. Kf2 Rg8 29. Rd8 g5 30. Rxg8+ Kxg8 31. Qd5+ Kg7 32. Qd7+
Kg6 33. Qe8+ Kg7 34. Qe7+ Kg6 35. Qe8+ Kg7 1/2-1/2

[Event "2. Bundesliga West 2016/17"]
[Site "Salzburg"]
[Date "2016.10.30"]
[Round "3"]
[Board "2"]
[White "Mons, Leon"]
[Black "Knechtel, Roland"]
[Result "1-0"]
[WhiteElo "2461"]
[BlackElo "2266"]
[PlyCount "66"]
[EventDate "2016.10.28"]
[EventType "team"]
[EventRounds "11"]
[EventCountry "AUT"]
[WhiteTeam "SIR Bernhard 1"]
[BlackTeam "Ranshofen"]

1. d4 Nf6 2. c4 e6 3. Nc3 d5 4. cxd5 exd5 5. Bg5 c6 6. Qc2 Be7 7. e3 O-O 8. Bd3
Nbd7 9. Nf3 Re8 10. h3 Nf8 11. O-O Bd6 12. Rfe1 Bd7 13. e4 dxe4 14. Nxe4 Be7
15. Bxf6 Bxf6 16. Nd6 Rxe1+ 17. Rxe1 Qc7 18. Ne4 Qf4 19. Re3 Be6 20. g3 Qh6 21.
h4 Rd8 22. Qa4 a6 23. Qb4 b5 24. Qa5 Bd5 25. Ne5 Bxe5 26. Qxd8 Bxd4 27. Ng5 Bf6
28. Bxh7+ Qxh7 29. Qxf8+ Kxf8 30. Nxh7+ Kg8 31. Nxf6+ gxf6 32. a3 a5 33. Kf1 a4
 1-0

[Event "2. Bundesliga West 2016/17"]
[Site "Salzburg"]
[Date "2016.10.30"]
[Round "3"]
[Board "3"]
[White "Riediger, Martin"]
[Black "Pitl, Gregory"]
[Result "1/2-1/2"]
[WhiteElo "2288"]
[BlackElo "2397"]
[PlyCount "60"]
[EventDate "2016.10.28"]
[EventType "team"]
[EventRounds "11"]
[EventCountry "AUT"]
[WhiteTeam "Ranshofen"]
[BlackTeam "SIR Bernhard 1"]

1. e4 e5 2. Nf3 d6 3. Nc3 Nf6 4. g3 Be7 5. Bg2 O-O 6. O-O c5 7. d3 Nc6 8. Bg5
h6 9. Bxf6 Bxf6 10. Nd5 g6 11. Nxf6+ Qxf6 12. c3 b5 13. Ne1 Rb8 14. Qd2 Kh7 15.
f4 exf4 16. gxf4 Bd7 17. Nf3 b4 18. d4 bxc3 19. bxc3 cxd4 20. cxd4 d5 21. Ne5
Rfd8 22. Nxc6 Bxc6 23. e5 Qf5 24. Rf3 Kg7 25. Rc3 Rb6 26. Rac1 Bb5 27. Bh3 Qh5
28. Rg3 Bd7 29. Bg2 Be6 30. Rgc3 Rdb8 1/2-1/2

[Event "2. Bundesliga West 2016/17"]
[Site "Salzburg"]
[Date "2016.10.30"]
[Round "3"]
[Board "4"]
[White "Hilverda, Alexander"]
[Black "Ager, Josef"]
[Result "1-0"]
[WhiteElo "2392"]
[BlackElo "2144"]
[PlyCount "99"]
[EventDate "2016.10.28"]
[EventType "team"]
[EventRounds "11"]
[EventCountry "AUT"]
[WhiteTeam "SIR Bernhard 1"]
[BlackTeam "Ranshofen"]

1. d4 g6 2. c4 Bg7 3. Nf3 Nf6 4. Nc3 d6 5. e4 O-O 6. Be2 e5 7. O-O Nc6 8. d5
Ne7 9. b4 Nh5 10. Re1 f5 11. Ng5 Nf6 12. Bf3 c6 13. Bb2 h6 14. Ne6 Bxe6 15.
dxe6 fxe4 16. Nxe4 Nxe4 17. Rxe4 d5 18. cxd5 cxd5 19. Rxe5 Bxe5 20. Bxe5 Qb6
21. Bb2 Rad8 22. Qd2 Qxe6 23. Qd4 Nf5 24. Qh8+ Kf7 25. Qh7+ Ke8 26. Qxb7 Rf7
27. Qb5+ Kf8 28. Qc5+ Qd6 29. Qc3 d4 30. Qd2 Kg7 31. Rd1 Kh7 32. a3 Rc7 33. Be4
Qe5 34. Bd3 Rf7 35. g3 Qe8 36. Bc1 Qf8 37. Bc4 Rfd7 38. Bd3 Rf7 39. Qb2 Qe8 40.
h4 Qc6 41. Qd2 h5 42. Re1 Qf6 43. Qc2 Rdd7 44. Bg5 Qd6 45. Bf4 Qf8 46. Re5 Rde7
47. Rc5 Re1+ 48. Bf1 Nxh4 49. Rxh5+ Kg8 50. Rxh4 1-0

[Event "2. Bundesliga West 2016/17"]
[Site "Salzburg"]
[Date "2016.10.30"]
[Round "3"]
[Board "5"]
[White "Kuecher, Wolfgang"]
[Black "Durakovic, Alman"]
[Result "0-1"]
[WhiteElo "2122"]
[BlackElo "2280"]
[PlyCount "86"]
[EventDate "2016.10.28"]
[EventType "team"]
[EventRounds "11"]
[EventCountry "AUT"]
[WhiteTeam "Ranshofen"]
[BlackTeam "SIR Bernhard 1"]

1. Nf3 c5 2. c4 b6 3. g3 Bb7 4. Bg2 Nf6 5. Nc3 e6 6. O-O Be7 7. b3 O-O 8. Bb2
d6 9. d4 cxd4 10. Qxd4 Nc6 11. Qd2 Qb8 12. Rad1 Rd8 13. e4 a6 14. Rfe1 Ra7 15.
Nd4 Nxd4 16. Qxd4 b5 17. cxb5 axb5 18. b4 Bc6 19. a3 Rad7 20. h3 h6 21. Rd2 Bf8
22. Red1 Qb7 23. Qe3 Be7 24. Kh2 Nh7 25. Ne2 Ng5 26. Nc3 f5 27. Nd5 Bf8 28. f4
Nxe4 29. Bxe4 fxe4 30. Nc3 d5 31. Ne2 Rf7 32. Rc1 Bd6 33. Nd4 Bd7 34. Ne2 Rc8
35. Rdc2 Rc4 36. Rxc4 bxc4 37. Bd4 Qb8 38. Bc5 Bc7 39. Qd4 Bc6 40. Kg2 e5 41.
fxe5 Bxe5 42. Qd1 d4 43. Bxd4 e3+ 0-1

[Event "2. Bundesliga West 2016/17"]
[Site "Salzburg"]
[Date "2016.10.30"]
[Round "3"]
[Board "6"]
[White "Pflug, Mathias"]
[Black "Spiesberger, Gerhard"]
[Result "1-0"]
[WhiteElo "2252"]
[BlackElo "2054"]
[PlyCount "97"]
[EventDate "2016.10.28"]
[EventType "team"]
[EventRounds "11"]
[EventCountry "AUT"]
[WhiteTeam "SIR Bernhard 1"]
[BlackTeam "Ranshofen"]

1. e4 e5 2. Nf3 Nc6 3. Bc4 Be7 4. d4 d6 5. c3 Nf6 6. d5 Nb8 7. Qc2 O-O 8. Bd3
Nxe4 9. Bxe4 f5 10. Bd3 e4 11. Bxe4 fxe4 12. Nd4 c5 13. dxc6 Nxc6 14. Qxe4 d5
15. Qe3 Nxd4 16. Qxd4 Bf6 17. Qa4 Re8+ 18. Be3 d4 19. cxd4 Bxd4 20. O-O Bxe3
21. fxe3 b6 22. Nc3 Bb7 23. Qc4+ Kh8 24. Rf7 Re7 25. Raf1 Rxf7 26. Qxf7 Ba6 27.
Rf4 Qd6 28. Rd4 Qf8 29. Qxf8+ Rxf8 30. Rf4 Kg8 31. Rxf8+ Kxf8 32. Kf2 Kf7 33.
e4 Ke6 34. Ke3 Ke5 35. Nd1 Bb7 36. Nf2 Kd6 37. Kd4 Ke6 38. h4 Kd6 39. b4 Bc6
40. Nh3 Bb5 41. Nf4 a5 42. e5+ Kd7 43. bxa5 bxa5 44. Kc5 Bc6 45. e6+ Kc7 46.
Nd5+ Kb7 47. Kd6 Be8 48. e7 h6 49. Nc7 1-0

[Event "2. Bundesliga West 2016/17"]
[Site "Salzburg"]
[Date "2016.10.30"]
[Round "3"]
[Board "2"]
[White "Besner, Bernhard"]
[Black "Koepke, Christian"]
[Result "1/2-1/2"]
[WhiteElo "2141"]
[BlackElo "2305"]
[PlyCount "30"]
[EventDate "2016.10.28"]
[EventType "team"]
[EventRounds "11"]
[EventCountry "AUT"]
[WhiteTeam "ASK Salzburg"]
[BlackTeam "Kufstein/Woergl"]

1. e4 c5 2. c3 d5 3. exd5 Qxd5 4. d4 Nc6 5. Nf3 Bf5 6. Be3 e6 7. Qb3 Nge7 8.
dxc5 Bxb1 9. Rxb1 O-O-O 10. Be2 Qe4 11. O-O Nd5 12. Nd2 Qh4 13. Nf3 Qe4 14. Nd2
Qh4 15. Nf3 Qe4 1/2-1/2

[Event "2. Bundesliga West 2016/17"]
[Site "Salzburg"]
[Date "2016.10.30"]
[Round "3"]
[Board "3"]
[White "Levushkina, Elena"]
[Black "Frank, Emanuel"]
[Result "1-0"]
[WhiteElo "2342"]
[BlackElo "2189"]
[PlyCount "147"]
[EventDate "2016.10.28"]
[EventType "team"]
[EventRounds "11"]
[EventCountry "AUT"]
[WhiteTeam "Kufstein/Woergl"]
[BlackTeam "ASK Salzburg"]

1. e4 e5 2. Nf3 Nc6 3. Bb5 a6 4. Ba4 Nf6 5. O-O Be7 6. d3 d6 7. c3 Bg4 8. Re1
Nd7 9. h3 Bh5 10. Nbd2 Nc5 11. Bxc6+ bxc6 12. Qc2 Ne6 13. d4 exd4 14. Nxd4 Nxd4
15. cxd4 Qd7 16. Nc4 Bg6 17. Na5 d5 18. Qxc6 Qxc6 19. Nxc6 dxe4 20. f3 Bh4 21.
Re2 f5 22. Ne5 O-O-O 23. fxe4 Rxd4 24. Bf4 Rxe4 25. Rxe4 fxe4 26. Re1 Bd8 27.
Kf2 Re8 28. Ke3 Re6 29. Rc1 Kb7 30. Nxg6 Rxg6 31. g3 Rb6 32. Be5 g6 33. Kxe4
Re6 34. Kd5 Rb6 35. Rc2 Kc8 36. Rf2 h5 37. Rf7 Rb5+ 38. Ke4 Rb4+ 39. Kf3 Rb5
40. Ke4 Rb4+ 41. Kf3 Rb5 42. Bc3 Bg5 43. Rg7 Rb6 44. Be5 Rc6 45. Ke4 Bh6 46.
Rg8+ Kd7 47. Kd5 Rb6 48. b3 Rb5+ 49. Kd4 Rb6 50. Rh8 Bg5 51. Rh7+ Ke6 52. Rxc7
Be7 53. Rc4 Kf5 54. Bc7 Bf6+ 55. Kd5 Rb5+ 56. Kc6 Be5 57. Bxe5 Rxe5 58. Rc5
Rxc5+ 59. Kxc5 Ke4 60. Kb6 Kf3 61. Kxa6 Kxg3 62. b4 Kxh3 63. b5 g5 64. b6 g4
65. b7 g3 66. b8=Q g2 67. Qc8+ Kg3 68. Qc7+ Kh3 69. Qd7+ Kg3 70. Qd6+ Kh3 71.
Qe6+ Kg3 72. Qg6+ Kf2 73. Qxh5 g1=Q 74. Qc5+ 1-0

[Event "2. Bundesliga West 2016/17"]
[Site "Salzburg"]
[Date "2016.10.30"]
[Round "3"]
[Board "4"]
[White "Roth, Peter"]
[Black "Rusche, Johannes"]
[Result "1/2-1/2"]
[WhiteElo "2128"]
[BlackElo "2265"]
[PlyCount "82"]
[EventDate "2016.10.28"]
[EventType "team"]
[EventRounds "11"]
[EventCountry "AUT"]
[WhiteTeam "ASK Salzburg"]
[BlackTeam "Kufstein/Woergl"]

1. e4 e5 2. Nf3 Nc6 3. Bc4 Nf6 4. d3 Be7 5. Bb3 O-O 6. c3 d5 7. Qe2 Re8 8. h3
a5 9. a4 b6 10. O-O Ba6 11. exd5 e4 12. dxc6 Bxd3 13. Bxf7+ Kxf7 14. Ne5+ Kg8
15. Nxd3 exd3 16. Qf3 Bc5 17. Bg5 Re2 18. Nd2 Qd5 19. Bxf6 Qxf3 20. Nxf3 gxf6
21. Rad1 Rxb2 22. Rxd3 Rc2 23. Rd7 Rc8 24. Nd4 Bxd4 25. cxd4 Rxc6 26. Re1 Rd6
27. Rxd6 cxd6 28. Re6 Rc4 29. Rxd6 Kf7 30. d5 Rxa4 31. Rxb6 Rd4 32. Rb7+ Kg6
33. Rb5 Rd1+ 34. Kh2 a4 35. Ra5 a3 36. Rxa3 Rxd5 37. g3 Rb5 38. Kg2 Rc5 39. f4
Rb5 40. g4 h5 41. Kg3 hxg4 1/2-1/2

[Event "2. Bundesliga West 2016/17"]
[Site "Salzburg"]
[Date "2016.10.30"]
[Round "3"]
[Board "5"]
[White "Neuschmied, Siegfried"]
[Black "Harringer, Franz"]
[Result "1-0"]
[WhiteElo "2153"]
[BlackElo "2185"]
[PlyCount "54"]
[EventDate "2016.10.28"]
[EventType "team"]
[EventRounds "11"]
[EventCountry "AUT"]
[WhiteTeam "Kufstein/Woergl"]
[BlackTeam "ASK Salzburg"]

1. e4 d6 2. d4 Nf6 3. Nc3 g6 4. Be3 c6 5. h3 Qa5 6. Bd3 b5 7. Nf3 Bg7 8. O-O
O-O 9. Qd2 b4 10. Ne2 c5 11. a3 Qc7 12. c3 c4 13. Bb1 b3 14. e5 Nfd7 15. Be4
Nc6 16. Bh6 Nb6 17. exd6 exd6 18. Bxg7 Kxg7 19. Nf4 f5 20. Bxc6 Qxc6 21. d5 Qb7
22. Rfe1 h6 23. h4 Rf7 24. Re8 Kh7 25. Qd4 Rg7 26. Rae1 Qf7 27. Nh3 Qxd5 1-0

[Event "2. Bundesliga West 2016/17"]
[Site "Salzburg"]
[Date "2016.10.30"]
[Round "3"]
[Board "6"]
[White "Herrmann, Michael"]
[Black "Atzl, Florian"]
[Result "0-1"]
[WhiteElo "2078"]
[BlackElo "1996"]
[PlyCount "82"]
[EventDate "2016.10.28"]
[EventType "team"]
[EventRounds "11"]
[EventCountry "AUT"]
[WhiteTeam "ASK Salzburg"]
[BlackTeam "Kufstein/Woergl"]

1. c4 c5 2. g3 Nf6 3. Bg2 d5 4. cxd5 Nxd5 5. Nc3 Nc7 6. Nf3 Nc6 7. O-O e5 8. b3
Be7 9. Ne1 O-O 10. Nd3 f6 11. f4 Bf5 12. fxe5 Bxd3 13. Bxc6 bxc6 14. exd3 Qd4+
15. Kg2 fxe5 16. Rxf8+ Rxf8 17. Qe2 c4 18. Qe3 Bc5 19. Qxd4 Bxd4 20. bxc4 Ne6
21. Rb1 Rf2+ 22. Kh3 h5 23. Ne4 Re2 24. Ba3 g5 25. Nf6+ Kg7 26. Nxh5+ Kg6 27.
g4 Rxd2 28. Bd6 Rxd3+ 29. Kg2 Rd2+ 30. Kh1 Nf4 31. Nxf4+ gxf4 32. h4 f3 33. Be7
e4 34. h5+ Kf7 35. Bg5 e3 36. Rb7+ Ke6 37. Re7+ Kd6 38. c5+ Bxc5 39. Bxe3 Rd1+
40. Kh2 Bxe3 41. Rf7 f2 0-1

[Event "2. Bundesliga West 2016/17"]
[Site "Maeder"]
[Date "2016.11.25"]
[Round "4"]
[Board "1"]
[White "Froewis, Georg"]
[Black "Gatterer, Florian"]
[Result "1/2-1/2"]
[WhiteElo "2463"]
[BlackElo "2281"]
[PlyCount "60"]
[EventDate "2016.10.28"]
[EventType "team"]
[EventRounds "11"]
[EventCountry "AUT"]
[WhiteTeam "Hohenems II"]
[BlackTeam "Rochade Rum"]

1. Nf3 d5 2. g3 c6 3. Bg2 Bg4 4. c4 e6 5. cxd5 Bxf3 6. Bxf3 cxd5 7. d3 Nf6 8.
O-O Nc6 9. e4 Be7 10. exd5 Nxd5 11. Nc3 Qd7 12. Nxd5 exd5 13. Bg4 f5 14. Bh5+
g6 15. Bf3 O-O 16. Rb1 Bf6 17. b4 Rac8 18. Be3 Nd4 19. Bg2 Rfd8 20. a4 Kg7 21.
b5 b6 22. Kh1 h5 23. Rc1 Rxc1 24. Qxc1 Rc8 25. Qd2 Ne6 26. Qa2 d4 27. Bd2 Nc5
28. Qa3 h4 29. Bb4 a5 30. Bd2 Qd6 1/2-1/2

[Event "2. Bundesliga West 2016/17"]
[Site "Maeder"]
[Date "2016.11.25"]
[Round "4"]
[Board "2"]
[White "Spornberger, Maximilian"]
[Black "Breder, Dennis"]
[Result "0-1"]
[WhiteElo "2300"]
[BlackElo "2473"]
[PlyCount "96"]
[EventDate "2016.10.28"]
[EventType "team"]
[EventRounds "11"]
[EventCountry "AUT"]
[WhiteTeam "Rochade Rum"]
[BlackTeam "Hohenems II"]

1. e4 e6 2. d3 c5 3. g3 Nc6 4. Bg2 g6 5. Nf3 Bg7 6. O-O Nge7 7. Re1 e5 8. c3
O-O 9. a3 d6 10. b4 a6 11. Nbd2 h6 12. Rb1 Rb8 13. Nb3 b6 14. d4 c4 15. Nbd2
exd4 16. cxd4 d5 17. e5 Bf5 18. Ra1 b5 19. Nf1 a5 20. Bd2 axb4 21. axb4 Nc8 22.
Qc1 Kh7 23. Bc3 Nb6 24. Nh4 Be6 25. Ne3 Na4 26. f4 f5 27. Kh1 Rf7 28. Qc2 Bf8
29. Rab1 Nxc3 30. Qxc3 Ra7 31. Nc2 Be7 32. Nf3 Ra4 33. Rb2 Rba8 34. Reb1 Ra2
35. h4 Rxb2 36. Rxb2 Ra4 37. h5 gxh5 38. Ne3 Rxb4 39. Bh3 Qf8 40. Ra2 Rb3 41.
Qc1 Ba3 42. Qg1 Qb4 43. Nd2 Rb2 44. Rxb2 Qxb2 45. Qd1 Qc1 46. Nf3 Qxd1+ 47.
Nxd1 b4 48. Ne3 b3 0-1

[Event "2. Bundesliga West 2016/17"]
[Site "Maeder"]
[Date "2016.11.25"]
[Round "4"]
[Board "3"]
[White "Baenziger, Fabian"]
[Black "Spornberger, Andre"]
[Result "1-0"]
[WhiteElo "2314"]
[BlackElo "2288"]
[PlyCount "53"]
[EventDate "2016.10.28"]
[EventType "team"]
[EventRounds "11"]
[EventCountry "AUT"]
[WhiteTeam "Hohenems II"]
[BlackTeam "Rochade Rum"]

{2016/17} 1. e4 e6 2. d4 d5 3. Nc3 Bb4 4. exd5 exd5 5. Bd3 Nf6 6. a3 Be7 7. Qf3
O-O 8. h3 c6 9. Nge2 b6 10. O-O Ba6 11. Ng3 g6 12. Re1 Bxd3 13. cxd3 Re8 14.
Bg5 Nfd7 15. Rxe7 Rxe7 16. Nxd5 cxd5 17. Bxe7 Qc8 18. Qxd5 Qc6 19. Qg5 f6 20.
Qf4 Kf7 21. Re1 Na6 22. Ne4 Kg7 23. d5 Qxd5 24. Nxf6 Qxd3 25. Nxd7 Qxd7 26.
Bf6+ Kg8 27. Re7 1-0

[Event "2. Bundesliga West 2016/17"]
[Site "Maeder"]
[Date "2016.11.25"]
[Round "4"]
[Board "4"]
[White "Moroder, Stefan"]
[Black "Hofer, Emilian"]
[Result "1/2-1/2"]
[WhiteElo "2206"]
[BlackElo "2105"]
[PlyCount "160"]
[EventDate "2016.10.28"]
[EventType "team"]
[EventRounds "11"]
[EventCountry "AUT"]
[WhiteTeam "Rochade Rum"]
[BlackTeam "Hohenems II"]

{2016/17} 1. c4 e5 2. Nc3 Nf6 3. Nf3 Nc6 4. a3 d5 5. cxd5 Nxd5 6. Qc2 Be6 7. e3
g6 8. h4 h6 9. Bb5 Bg7 10. Ne4 Nde7 11. Nc5 Bc8 12. Bc4 b6 13. Nb3 Qd6 14. d4
exd4 15. Nfxd4 Nxd4 16. Nxd4 a6 17. Nf3 b5 18. Be2 Bb7 19. Bd2 c5 20. Rd1 Qc7
21. Bc3 Bxc3+ 22. Qxc3 O-O 23. h5 Nd5 24. Qe5 Qxe5 25. Nxe5 g5 26. Nd7 Rfd8 27.
Nxc5 Bc6 28. Bf3 a5 29. O-O Rac8 30. Rd4 Ne7 31. Rxd8+ Rxd8 32. Rd1 Rc8 33.
Bxc6 Nxc6 34. Nb3 a4 35. Nd4 Rd8 36. Kf1 Rd5 37. Ke2 Na5 38. Rc1 g4 39. Rc8+
Kg7 40. Rb8 Rxh5 41. Nxb5 Nc4 42. Nc3 Rh2 43. g3 h5 44. Rb5 f6 45. Ne4 Rh1 46.
Rb4 Rc1 47. Nd2 Ne5 48. Rxa4 Rc2 49. Rd4 Rxb2 50. a4 Ra2 51. Kd1 Nf3 52. Nxf3
gxf3 53. Ke1 Ra1+ 54. Kd2 Ra2+ 55. Kd3 Rxf2 56. Ke4 Rf1 57. Rd5 Ra1 58. Kxf3
Rxa4 59. Rxh5 Kg6 60. Rb5 f5 61. Rb8 Kg5 62. Rg8+ Kf6 63. Rd8 Kg5 64. Rd4 Ra2
65. g4 fxg4+ 66. Rxg4+ Kf6 67. Rb4 Ke5 68. Rb5+ Ke6 69. Kf4 Ra1 70. Rb6+ Ke7
71. e4 Ra5 72. Rh6 Rb5 73. Ra6 Rc5 74. Ke3 Rb5 75. Rh6 Ra5 76. Kf4 Rb5 77. e5
Rb1 78. Rh7+ Ke6 79. Rh6+ Ke7 80. Rh3 Ke6 1/2-1/2

[Event "2. Bundesliga West 2016/17"]
[Site "Maeder"]
[Date "2016.11.25"]
[Round "4"]
[Board "5"]
[White "Kranzl, Julian"]
[Black "Hengl, Christian"]
[Result "0-1"]
[WhiteElo "2120"]
[BlackElo "2226"]
[PlyCount "0"]
[EventDate "2016.10.28"]
[EventType "team"]
[EventRounds "11"]
[EventCountry "AUT"]
[WhiteTeam "Hohenems II"]
[BlackTeam "Rochade Rum"]

1. e4 e6 2. d4 d5 3. Nc3 Nf6 4. e5 Nfd7 5. Nf3 c5 6. dxc5 Bxc5 7. Bd3 Nc6 8.
Bf4 a6 9. O-O f6 10. exf6 Nxf6 11. Qd2 O-O 12. h3 Nh5 13. Bh2 Rxf3 14. gxf3 Qh4
15. Rfe1 Nd4 16. Re3 Qxh3 17. Qd1 Nc6 18. Bf1 Qh4 19. Bg2 Bxe3 20. fxe3 Qc4 21.
Qd3 Qxd3 22. cxd3 b5 23. d4 Nf6 24. Bd6 Bd7 25. Rd1 Rc8 26. Rd3 Na5 27. Bb4 Nb7
28. Ne2 a5 29. Be1 b4 30. Kf2 Nd6 31. a3 Bb5 32. Rd2 Rf8 33. Kg1 Nc4 0-1

[Event "2. Bundesliga West 2016/17"]
[Site "Maeder"]
[Date "2016.11.25"]
[Round "4"]
[Board "6"]
[White "Jedinger, Andreas"]
[Black "Heinrici, Simon"]
[Result "1/2-1/2"]
[WhiteElo "2120"]
[BlackElo "2099"]
[PlyCount "92"]
[EventDate "2016.10.28"]
[EventType "team"]
[EventRounds "11"]
[EventCountry "AUT"]
[WhiteTeam "Rochade Rum"]
[BlackTeam "Hohenems II"]

{2016/17} 1. e4 e5 2. Nf3 Nc6 3. Bb5 a6 4. Ba4 Nf6 5. O-O b5 6. Bb3 Bc5 7. a4
Rb8 8. c3 d6 9. d4 Bb6 10. axb5 axb5 11. Qd3 Bd7 12. Bg5 h6 13. Bh4 g5 14. Bg3
Nh5 15. Nbd2 Nxg3 16. fxg3 Be6 17. Bxe6 fxe6 18. Kh1 exd4 19. cxd4 O-O 20. Qxb5
Nxd4 21. Nxd4 Bxd4 22. Qc4 Bxb2 23. Qxe6+ Kg7 24. Rxf8 Qxf8 25. Rf1 Qe8 26. Qf5
Qe7 27. Rb1 Rf8 28. Qg4 Bd4 29. Nf3 Bb6 30. Nh4 Qe5 31. h3 Rf7 32. Nf5+ Kg6 33.
h4 d5 34. Rc1 dxe4 35. Rc6+ Rf6 36. h5+ Kh7 37. Rxb6 cxb6 38. Ne3 Qe6 39. Qe2
Qe5 40. Ng4 Qa1+ 41. Kh2 Rf1 42. Qxe4+ Kg7 43. Qg6+ Kf8 44. Qxh6+ Ke8 45. Qe6+
Kf8 46. Qd6+ Ke8 1/2-1/2

[Event "2. Bundesliga West 2016/17"]
[Site "Maeder"]
[Date "2016.11.25"]
[Round "4"]
[Board "1"]
[White "Novkovic, Milan"]
[Black "Votava, Jan"]
[Result "1/2-1/2"]
[WhiteElo "2371"]
[BlackElo "2522"]
[PlyCount "48"]
[EventDate "2016.10.28"]
[EventType "team"]
[EventRounds "11"]
[EventCountry "AUT"]
[WhiteTeam "Dornbirn"]
[BlackTeam "Zillertal"]

{2016/17} 1. d4 Nf6 2. Nf3 g6 3. Nbd2 d5 4. e3 Bg7 5. b4 O-O 6. c4 c6 7. Bb2 a5
8. b5 cxb5 9. cxb5 a4 10. Be2 Nbd7 11. O-O Nb6 12. Ba3 Re8 13. Rc1 Bf5 14. h3
Nc8 15. Nh4 Bd7 16. Qc2 Nd6 17. Bxd6 exd6 18. Qc7 Qe7 19. Nhf3 b6 20. Qxb6 Reb8
21. Qc7 Rc8 22. Qb7 Rcb8 23. Qc7 Rc8 24. Qb7 Rcb8 1/2-1/2

[Event "2. Bundesliga West 2016/17"]
[Site "Maeder"]
[Date "2016.11.25"]
[Round "4"]
[Board "2"]
[White "Lanka, Zigurds"]
[Black "Schmidlechner, Alexander"]
[Result "1/2-1/2"]
[WhiteElo "2445"]
[BlackElo "2201"]
[PlyCount "91"]
[EventDate "2016.10.28"]
[EventType "team"]
[EventRounds "11"]
[EventCountry "AUT"]
[WhiteTeam "Zillertal"]
[BlackTeam "Dornbirn"]

{2016/17} 1. e4 c5 2. Nf3 Nc6 3. d4 cxd4 4. Nxd4 Nf6 5. Nc3 e5 6. Ndb5 d6 7.
Bg5 a6 8. Na3 b5 9. Nd5 Be7 10. Bxf6 Bxf6 11. c3 Bg5 12. Nc2 Ne7 13. Ncb4 O-O
14. a4 bxa4 15. Rxa4 a5 16. Nxe7+ Qxe7 17. Bc4 Bd7 18. Nd5 Qd8 19. Ra2 a4 20.
O-O Qb8 21. Nb4 Qb6 22. Qd3 Rac8 23. Rd1 Bg4 24. Rda1 Bd7 25. Qe2 Kh8 26. Ba6
Rb8 27. Bd3 f5 28. exf5 g6 29. Qg4 h6 30. h4 gxf5 31. Qh3 Bd8 32. Bc2 Qc5 33.
Na6 Qc8 34. Nxb8 Qxb8 35. Bxa4 Be6 36. b3 Qb7 37. Rd2 d5 38. Kh1 Rg8 39. Qe3
Qg7 40. f4 e4 41. Rg1 Bxh4 42. g3 Bf6 43. Qb6 Bxc3 44. Rh2 Qf6 45. Bd7 Rg6 46.
Bxe6 1/2-1/2

[Event "2. Bundesliga West 2016/17"]
[Site "Maeder"]
[Date "2016.11.25"]
[Round "4"]
[Board "3"]
[White "Leutwyler, Martin"]
[Black "Hausner, Ivan"]
[Result "0-1"]
[WhiteElo "2164"]
[BlackElo "2360"]
[PlyCount "92"]
[EventDate "2016.10.28"]
[EventType "team"]
[EventRounds "11"]
[EventCountry "AUT"]
[WhiteTeam "Dornbirn"]
[BlackTeam "Zillertal"]

{2016/17} 1. d4 Nf6 2. c4 g6 3. Nc3 d5 4. cxd5 Nxd5 5. e4 Nxc3 6. bxc3 Bg7 7.
Nf3 c5 8. Be3 O-O 9. Rc1 Qa5 10. Qd2 cxd4 11. cxd4 Qxd2+ 12. Nxd2 Nc6 13. Nb3
a5 14. a4 f5 15. f3 fxe4 16. fxe4 e5 17. Bc4+ Kh8 18. d5 Nd4 19. Rf1 Rxf1+ 20.
Kxf1 b6 21. Nxd4 exd4 22. Bf2 Bd7 23. Bb5 Bxb5+ 24. axb5 d3 25. Bxb6 a4 26. d6
Bb2 27. d7 Bxc1 28. d8=Q+ Rxd8 29. Bxd8 Kg7 30. b6 a3 31. b7 a2 32. b8=Q a1=Q
33. Qb7+ Kh6 34. g3 Bg5+ 35. Kg2 Bxd8 36. Qd7 Qb2+ 37. Kh3 Bb6 38. Qxd3 Bg1 39.
Kg4 Qxh2 40. Qd8 Qh5+ 41. Kf4 g5+ 42. Ke5 Qf3 43. Qe8 Qxg3+ 44. Kd5 Qd3+ 45.
Kc6 Qc4+ 46. Kb7 Qb4+ 0-1